The Land Registration Act 2002 (Record no. 103136)
[ view plain ]
| 000 -LEADER | |
|---|---|
| fixed length control field | 01315cam a2200265 4500 |
| 001 - CONTROL NUMBER | |
| control field | L124083 |
| 008 - FIXED-LENGTH DATA ELEMENTS--GENERAL INFORMATION | |
| fixed length control field | 031028n2005 000 0 eng u |
| 020 ## - INTERNATIONAL STANDARD BOOK NUMBER | |
| International Standard Book Number | 0406957649 |
| 035 ## - SYSTEM CONTROL NUMBER | |
| System control number | (Sirsi) u124083 |
| 041 ## - LANGUAGE CODE | |
| Language code of text/sound track or separate title | eng |
| 050 ## - LIBRARY OF CONGRESS CALL NUMBER | |
| Classification number | 346.41043 |
| -- | 18 |
| 100 ## - MAIN ENTRY--PERSONAL NAME | |
| Personal name | Hill, Gregory |
| 245 #4 - TITLE STATEMENT | |
| Title | The Land Registration Act 2002 |
| 260 ## - PUBLICATION, DISTRIBUTION, ETC. | |
| Place of publication, distribution, etc. | London |
| Name of publisher, distributor, etc. | LexisNexis Butterworths |
| Date of publication, distribution, etc. | 2005 |
| 300 ## - PHYSICAL DESCRIPTION | |
| Extent | xxxii, 664p. |
| Dimensions | 24cm. |
| 350 ## - PRICE (NR) (BK AM CF MU VM SE) [OBSOLETE] | |
| Price | 40.00 |
| 490 ## - SERIES STATEMENT | |
| Series statement | Butterworths New Law Guides |
| 520 ## - SUMMARY, ETC. | |
| Summary, etc. | Provides a systematic account of the Land Registration Act 2002 and the Land Registration Rules 2003, and highlights the changes made by the Act and their practical consequences. Pays particular attention to the rules relating to priorities of interests and registration of leases. Stamp Duty Land Tax is considered in relation to the registration of dispositions. Presents the full texts of the Act and the Rules and other relevant statutory instruments. These are cross-referenced to the narrative and to relevant definitions in the legislation. |
| 590 ## - LOCAL NOTE (RLIN) | |
| Local note | IKA210605 |
| 650 ## - SUBJECT ADDED ENTRY--TOPICAL TERM | |
| Topical term or geographic name entry element | LAND REGISTRATION ACT 2002 |
| 650 ## - SUBJECT ADDED ENTRY--TOPICAL TERM | |
| Topical term or geographic name entry element | STAMP DUTY LAND TAX |
| 650 ## - SUBJECT ADDED ENTRY--TOPICAL TERM | |
| Topical term or geographic name entry element | LAND REGISTRATION RULES 2003 |
| 690 ## - LOCAL SUBJECT ADDED ENTRY--TOPICAL TERM (OCLC, RLIN) | |
| Topical term or geographic name as entry element | PROPERTY-PROPERTY ACQUISITION AND DISPOSAL-REGISTRATION OF TITLE TO PROPERTY-LAND REGISTRATION |
| 942 ## - ADDED ENTRY ELEMENTS (KOHA) | |
| Suppress in OPAC | 0 |
| Withdrawn status | Lost status | Source of classification or shelving scheme | Damaged status | Not for loan | Home library | Current library | Shelving location | Date acquired | Cost, normal purchase price | Total Checkouts | Full call number | Barcode | Date last seen | Date last checked out | Copy number | Cost, replacement price | Price effective from | Koha item type |
|---|---|---|---|---|---|---|---|---|---|---|---|---|---|---|---|---|---|---|
| Other/Generic Classification Scheme | London | London | Books | 19/09/2005 | 40.00 | 6 | 346.41043 HIL | 30069934 | 06/08/2019 | 28/03/2008 | 1 | 40.00 | 06/08/2019 | Book |